[Geometry Dash] Every word in "Niflheim" - Statistics

General Stats
  • This quiz has been taken 139 times
  • The average score is 35 of 70
Answer Stats
Answer % Correct
niflheim
81%
NIFLHEIM
81%
ball
78%
ball
78%
ball
78%
ball
78%
ball
78%
cube
78%
cube
78%
cube
78%
cube
78%
wave
74%
wave
74%
ship
72%
ship
72%
ship
72%
ufo
71%
ufo
71%
ufo
71%
go!
66%
go!
66%
go!
66%
robot
65%
robot
65%
a
59%
big
57%
fast
50%
fast
50%
fast
50%
fast
50%
fast
50%
fast
50%
fast
50%
slow
50%
slow
50%
slow
50%
slow
50%
slow
50%
slow
50%
slow
50%
slow
50%
slow
50%
mini
49%
by
47%
koreaqwer
44%
verified
44%
LDM
43%
dual
41%
dual
41%
In
40%
in
40%
break
35%
vismuth
34%
Rest
31%
take
31%
Peace
29%
OMG!
25%
How?
22%
out
22%
out!
22%
Auto?
21%
going!
21%
lol
21%
next
21%
next
21%
next
21%
great!
19%
Yeah!
19%
keep
18%
watch
18%
No matching quizzes found
Score Distribution
Percent of People with Each Score
Percentile by Number Answered
Your Score History
You have not taken this quiz